Deendayal Upadhyaya; (Record no. 187220)

MARC details
000 -LEADER
fixed length control field 00592nam a22001817a 4500
005 - DATE AND TIME OF LATEST TRANSACTION
control field 20220406140726.0
010 ## - LCCN (DPL NO)
LC control number ENG-132241
020 ## - INTERNATIONAL STANDARD BOOK NUMBER
International Standard Book Number 9789386049285
Terms of availability 695.00
035 ## - SYSTEM CONTROL NUMBER
System control number EN-115773
037 ## - SOURCE OF ACQUISITION
Source of stock number/acquisition DBAD/PUB
082 ## - DEWEY DECIMAL CLASSIFICATION NUMBER
Classification number 954.04092
100 ## - MAIN ENTRY--PERSONAL NAME
Personal name CHAUDHARY, SHAILESH K.
245 ## - TITLE STATEMENT
Title Deendayal Upadhyaya;
Statement of responsibility, etc Shailesh K. Chaudhary
260 ## - PUBLICATION, DISTRIBUTION, ETC. (IMPRINT)
Place of publication, distribution, etc Delhi
Name of publisher, distributor, etc SHIVANI BOOK AGENCY
Date of publication, distribution, etc 2018
270 ## - ADDRESS
Address A-55B Gali No.6 Jagatpuri Extn. Delhi
City Delhi
Postal code 110093
Electronic mail address shivanibookagency@gmail.com
300 ## - PHYSICAL DESCRIPTION
Extent 280p.
Other physical details Index, Bibliography
Dimensions 23cm(hbk)
942 ## - ADDED ENTRY ELEMENTS (KOHA)
Source of classification or shelving scheme Dewey Decimal Classification
Item type English Books
Call number suffix CHO
Classification part 954.04092
Holdings
Withdrawn status Lost status Not for loan Collection code Home library Current library Date acquired Source of acquisition Cost, normal purchase price Full call number Barcode Copy number Cost, replacement price Koha item type
      Non-fiction Central Library Central Library 06/04/2022 DBAD/PUB 695.00 954.04092 CHO EN-115773 1 695.00 English Books

© Delhi Public Library
Hit Counter
free hit counter